| 000 | 01458cam a22003254a 4500 | ||
|---|---|---|---|
| 999 |
_c232818 _d232818 |
||
| 001 | 12253927 | ||
| 003 | Nust | ||
| 005 | 20170223150251.0 | ||
| 008 | 001208s2002 ohua b 001 0 eng | ||
| 010 | _a 00052315 | ||
| 020 | _a0324058810 | ||
| 040 |
_aDLC _cDLC _dDLC |
||
| 042 | _apcc | ||
| 050 | 0 | 0 |
_aHD30.22 _b.M32 2002 |
| 082 | 0 | 0 |
_a338.5/024/658 _221 |
| 100 | 1 | _aMcGuigan, James R. | |
| 245 | 1 | 0 |
_aManagerial economics : _bapplications, strategy, and tactics / _cJames R. McGuigan, R. Charles Moyer, Frederick H. deB. Harris. |
| 250 | _a9th ed. | ||
| 260 |
_aCincinnati, Ohio : _bSouth-Western, _cc2002. |
||
| 300 |
_a1 v. (various pagings) : _bill. ; _c26 cm. |
||
| 504 | _aIncludes bibliographical references and index. | ||
| 650 | 0 | _aManagerial economics. | |
| 650 | 0 |
_aManagerial economics _vProblems, exercises, etc. |
|
| 700 | 1 |
_aMoyer, R. Charles, _d1945- |
|
| 700 | 1 | _aHarris, Frederick H. deB. | |
| 856 | 4 | 2 |
_3Contributor biographical information _uhttp://www.loc.gov/catdir/enhancements/fy1514/00052315-b.html |
| 856 | 4 | 2 |
_3Publisher description _uhttp://www.loc.gov/catdir/enhancements/fy1514/00052315-d.html |
| 856 | 4 | 1 |
_3Table of contents only _uhttp://www.loc.gov/catdir/enhancements/fy1514/00052315-t.html |
| 906 |
_a7 _bcbc _corignew _d1 _eocip _f20 _gy-gencatlg |
||
| 942 |
_2ddc _cBK |
||